000 00544nam a2200157 i 4500
001 183639
003 ES-MaACL
005 20230910063057.0
008 140911s1912 sp |||| | spa d
100 1 _aBernaldo de Quirós, Constancio,
_d1873-1959
_928215
245 1 0 _aBandolerismo y delincuencia subversiva en la baja Andalucía /
_cpor Constancio Bernaldo de Quirós y Pérez.
260 _aMadrid :
_b[s.n.],
_c1912.
650 4 _aBandolerismo-
_zAndalucía.
_9155454
852 _aES-MaACL
_jT-1244-F-4
999 _c183639
_d183639